| 000 | 00992 am a2200265 4500 | ||
|---|---|---|---|
| 999 |
_c1849 _d1849 |
||
| 003 | OSt | ||
| 005 | 20230208082309.0 | ||
| 008 | 790626s1956 enkab j f eng d | ||
| 020 | _a9780064471084 | ||
| 040 |
_cCaOL _dKH8 |
||
| 082 | _aFIC LEW | ||
| 100 | 1 |
_aLewis, C. S. _q(Clive Staples), _d1898-1963. |
|
| 245 | 1 | 4 |
_aThe last battle / _cC.S. Lewis ; illustrated by Pauline Baynes. |
| 260 |
_aLondon : _bBodley Head _c1956. |
||
| 300 |
_a228 p., 45 p. ; _c21 cm. |
||
| 500 | _aAlso published : New York : HarperTrophy, 1984. | ||
| 520 | _aWhen evil comes to Narnia, Jill and Eustace help fight the great last battle and Aslan leads his followers to a glorious new paradise. | ||
| 650 | 0 |
_aNarnia (Imaginary place) _vJuvenile fiction. |
|
| 650 | 0 |
_aImaginary wars and battles _vJuvenile fiction. |
|
| 650 | 0 |
_aGood and evil _vJuvenile fiction. |
|
| 655 | 0 | _aFantasy fiction. | |
| 700 | 1 |
_aBaynes, Pauline. _eillustrator |
|
| 830 | 0 |
_aChronicles of Narnia ; _vbk. 7. |
|
| 942 |
_2ddc _cFIC |
||